000 00877nam a2200265 i 4500
001 186948
003 SpMaBN
005 20250815131822.0
008 170306s1959 sp a |||| |dspa d
080 _a75(493)(091)
100 1 _aGenaille, Robert.
_9161444
245 1 3 _aLa pintura en Bélgica
_b: de Rubens a los surrealistas /
_cRobert Genaille ; traducción de Elisabeth Mulder.
246 1 0 _aDe Rubens a los surrealistas
260 _aBarcelona :
_bGarriga,
_c[1959]
300 _a209 p. :
_bil. col. ;
_c24 cm.
490 1 _aColección "Pictura" ;
_v10
500 _aÍndice.
504 _aBibliografía: p. 203-205.
599 _aCon lám. col. adheridas.
650 7 _aPintura belga
_2
_9161981
700 1 _aMulder, Elisabeth.
_984098
830 0 _aColección "Pictura" ;
_v10
_9192706
852 1 _aBA
_jL-31192
_z- enc. tela
999 _c186948
_d186948